Ninja Info Cards Quiz Stats

 Plays Quiz not verified by Sporcle

Challenge
Share
Tweet
Embed
Score 0/27 Timer 04:00
0 Plays Today
% Correct
ninja info cards
87%
heck are those
78.3%
hope
78.3%
help you kids
60.9%
ninja ninja ninja ninja
60.9%
to explain
60.9%
clue
56.5%
look like much
43.5%
encoded
43.5%
Naruto
43.5%
work cut out
39.1%
learned
39.1%
believe
39.1%
appear blank
34.8%
% Correct
point
34.8%
act
34.8%
yeah
34.8%
intense
34.8%
seen
34.8%
geographical distribution
30.4%
mean by that
30.4%
villages
26.1%
candidates
26.1%
four
26.1%
save
21.7%
job
17.4%
release
17.4%

You're not logged in!

Compare scores with friends on all Sporcle quizzes.
OR
Log In

You Might Also Like...

Show Comments

Extras

Created Dec 29, 2011SourceReportNominate
Tags:ninja

Top Quizzes Today


Score Distribution

Your Account Isn't Verified!

In order to create a playlist on Sporcle, you need to verify the email address you used during registration. Go to your Sporcle Settings to finish the process.

Report this User

Report this user for behavior that violates our Community Guidelines.

Details: